000 01347nam a2200349 i 4500
003 EG-GICUC
005 20260509132348.0
008 260509s1997 ua d|||fr|||| 00| 0 Ara d
017 _a4940/1997
020 _a9772684152
040 _a EG-GICUC
_bara
_c EG-GICUC
_d EG-GICUC
_erda
041 0 _aAra
082 0 4 _221
_a343.3
_bق ا
092 0 4 _221
099 _aLaw1 10 343.3 ق ا 1997
245 0 0 _aقانون الإجراءات الجنائية /
_cإعداد ومراجعة الإدارة العامة للشئون القانونية بالهيئة.
250 _aالطبعة الخامسة
_bالمعدلة
264 3 _aالقاهرة :
_bالهيئة العامة لشئون المطابع الأميرية،
_c1997.
300 _a145 ؛صفحة
_c24 سم.
336 _2rda content
_atext
337 _2rda media
_aComputer
338 _2rda carrier
_aOnline Resource
500 _aإهداء من حسن على
546 _aالنص باللغة العربية
650 1 _aقانون الإجراءات الجنائية
_2qrmak
650 1 _aالقانون الجنائى
_2qrmak
651 1 _2qrmak
700 0 _aالإدارة العامة للشئون القانونية بالهيئة
_eمعد.
856 4 0 _uhttps://fll.law.cu.edu.eg/fulltext/bks/B10-12146.pdf
905 _a54
942 _2ddc
_cBK
_e21
_n0
999 _c76373
_d76373